The Indian national movement : (Record no. 22316)

MARC details
000 -LEADER
fixed length control field 00775cam a22002651 4500
001 - CONTROL NUMBER
control field 8467896
003 - CONTROL NUMBER IDENTIFIER
control field BDDh-ASL
005 - DATE AND TIME OF LATEST TRANSACTION
control field 20231015030121.0
008 - FIXED-LENGTH DATA ELEMENTS--GENERAL INFORMATION
fixed length control field 720815s1965 xx 000 0 eng
010 ## - LIBRARY OF CONGRESS CONTROL NUMBER
LC control number sa 66000617
035 ## - SYSTEM CONTROL NUMBER
System control number (OCoLC)382228
040 ## - CATALOGING SOURCE
Original cataloging agency DLC
Transcribing agency OAU
Modifying agency DLC
-- BDDh-ASL
042 ## - AUTHENTICATION CODE
Authentication code premarc
050 00 - LIBRARY OF CONGRESS CALL NUMBER
Classification number DS479
Item number .B66
082 ## - DEWEY DECIMAL CLASSIFICATION NUMBER
Classification number 954
Item number BOI
100 1# - MAIN ENTRY--PERSONAL NAME
Personal name Bose, Nemai Sadhan.
245 14 - TITLE STATEMENT
Title The Indian national movement :
Remainder of title an outline /
250 ## - EDITION STATEMENT
Edition statement [1st ed.]
260 ## - PUBLICATION, DISTRIBUTION, ETC.
Place of publication, distribution, etc. Calcutta,
Name of publisher, distributor, etc. Firma K. L. Mukhopadhyay,
Date of publication, distribution, etc. 1965.
-- 1974.
300 ## - PHYSICAL DESCRIPTION
Extent 125 p. :
Other physical details map (on lining paper)
Dimensions 23 cm.
504 ## - BIBLIOGRAPHY, ETC. NOTE
Bibliography, etc. note Bibliography: p. [121]-122.
650 #0 - SUBJECT ADDED ENTRY--TOPICAL TERM
Topical term or geographic name entry element Nationalism
Geographic subdivision India
General subdivision History.
906 ## - LOCAL DATA ELEMENT F, LDF (RLIN)
a 7
b cbc
c oclcrpl
d u
e ncip
f 19
g y-gencatlg
942 ## - ADDED ENTRY ELEMENTS (KOHA)
Source of classification or shelving scheme Dewey Decimal Classification
Koha item type Books
Holdings
Withdrawn status Lost status Source of classification or shelving scheme Damaged status Not for loan Collection code Home library Current library Shelving location Date acquired Source of acquisition Total Checkouts Full call number Barcode Date last seen Copy number Price effective from Koha item type Public note
    Dewey Decimal Classification     Non-fiction Asiatic Society Library Asiatic Society Library General Stacks 02/24/2021 ASB Library Collections   954 BOI 106527 02/24/2021 C-1 02/24/2021 Books RARE

Powered by Koha